Construcción y manejo de los motores diesel, marinos y estacionarios: montura, entretenimiento y reparaciones. Combustible y lubrificantes. Reglas del Lloyd's Register of Shipping

-д хадгалсан:
Номзүйн дэлгэрэнгүй
Үндсэн зохиолч: Miranda, Pedro de (autor)
Формат: Ном
Хэл сонгох:испани
Хэвлэсэн: Barcelona Gustavo Gili 1977
Хэвлэл:6a. ed
Нөхцлүүд:
Шошгууд: Шошго нэмэх
Шошго байхгүй, Энэхүү баримтыг шошголох эхний хүн болох!

MARC

LEADER 00000nam a2200000 a 4500
001 UCP1565
003 CL-VaPUC
008 990416e19770000SP |||||||||||||||||spa|d
082 0 4 |a 621.4362  |b MIR  |2 21 
100 |a Miranda, Pedro de  |e autor  |9 427675 
245 1 0 |a Construcción y manejo de los motores diesel, marinos y estacionarios: montura, entretenimiento y reparaciones. Combustible y lubrificantes. Reglas del Lloyd's Register of Shipping 
250 |a 6a. ed 
300 |a 455 p 
942 |c BK 
945 |d 19990416 00:00:00  |a cmena 
260 |a Barcelona  |b Gustavo Gili  |c 1977 
650 0 |a Motores   |9 334293 
650 0 |a Motores Diésel  |9 271572 
650 7 |a INYECTORES  |2 CL-VaPUC  |9 427356 
650 7 |a BOMBAS  |2 CL-VaPUC  |9 259418 
650 0 |a Combustibles  |9 271720 
650 7 |a BUQUES  |2 CL-VaPUC  |9 340467 
650 0 |a Barcos   |9 260866 
583 |a last modification  |c 19990416 00:00:00  |k Rodrigo Vera 
999 |c 280233  |d 280231 
952 |0 0  |1 0  |4 0  |6 621_436200000000000_MIR_1977  |7 0  |8 A  |9 320475  |a BIBMEC  |b BIBMEC  |d 2019-11-20  |i 1341901  |o 621.4362 MIR 1977  |p 1341901  |r 2024-01-19  |w 2019-11-20  |y BK  |k MEC